[Event "CECLUB Segunda División"]
[Site "Linares"]
[Date "2017.08.12"]
[Round "7"]
[White "Bellon Lopez, Juan Manuel"]
[Black "Millan Soto, Miguel"]
[Result "1-0"]
[Board "4"]
[WhiteTitle "GM"]
[WhiteElo "2319"]
[WhiteCountry "ESP"]
[WhiteFideId "2200031"]
[WhiteEloChange "4"]
[BlackElo "2083"]
[BlackCountry "ESP"]
[BlackFideId "2292351"]
[BlackEloChange "-4"]

1. d4 {[%clk 1:31:00]} d6 {[%clk 1:27:16]} 2. g3 {[%clk 1:31:29]} Nf6 {[%clk
1:26:15]} 3. Bg2 {[%clk 1:31:46]} Nbd7 {[%clk 1:26:39]} 4. e4 {[%clk 1:31:03]} e5
{[%clk 1:27:01]} 5. Ne2 {[%clk 1:31:30]} Be7 {[%clk 1:25:55]} 6. O-O {[%clk
1:31:48]} O-O {[%clk 1:23:27]} 7. h3 {[%clk 1:30:35]} c6 {[%clk 1:19:53]} 8. a4
{[%clk 1:27:03]} b6 {[%clk 1:20:02]} 9. f4 {[%clk 1:24:42]} Bb7 {[%clk 1:14:52]}
10. Nbc3 {[%clk 1:17:02]} a6 {[%clk 1:11:24]} 11. g4 {[%clk 1:03:14]} Ne8 {[%clk
0:53:17]} 12. Be3 {[%clk 0:55:49]} exf4 {[%clk 0:49:00]} 13. Nxf4 {[%clk
0:52:45]} g6 {[%clk 0:47:19]} 14. Qd2 {[%clk 0:50:20]} Bf6 {[%clk 0:43:35]} 15.
Nce2 {[%clk 0:48:05]} Nc7 {[%clk 0:39:23]} 16. c3 {[%clk 0:45:17]} Ne6 {[%clk
0:27:00]} 17. Nxe6 {[%clk 0:39:45]} fxe6 {[%clk 0:27:29]} 18. Nf4 {[%clk
0:31:34]} Re8 {[%clk 0:07:28]} 19. d5 {[%clk 0:30:43]} cxd5 {[%clk 0:01:46]} 20.
exd5 {[%clk 0:30:56]} e5 {[%clk 0:01:14]} 21. Ne6 {[%clk 0:30:55]} Qc8 {[%clk
0:00:44]} 22. Qf2 {[%clk 0:20:32]} Re7 {[%clk 0:00:59]} 23. Bxb6 {[%clk 0:17:46]}
Qc4 {[%clk 0:00:45]} 24. g5 {[%clk 0:14:38]} Bg7 {[%clk 0:00:37]} 25. Bc7 {[%clk
0:12:48]} Bxd5 {[%clk 0:00:39]} 26. Nxg7 {[%clk 0:08:36]} Rf8 {[%clk 0:00:45]}
27. Bxd5+ {[%clk 0:05:50]} Qxd5 {[%clk 0:01:09]} 28. Qe3 {[%clk 0:05:00]} Nc5
{[%clk 0:00:40]} 29. Rfd1 {[%clk 0:04:03]} Qc4 {[%clk 0:00:34]} 30. Bxd6 {[%clk
0:04:16]} e4 {[%clk 0:00:32]} 31. Qxc5 {[%clk 0:03:34]} Qe2 {[%clk 0:00:41]} 32.
Rf1 {[%clk 0:03:05]} Rf3 {[%clk 0:00:34]} 33. Rxf3 {[%clk 0:02:15]} exf3 {[%clk
0:00:43]} 34. Qf2 {[%clk 0:02:10]} Rxg7 {[%clk 0:00:45]} 35. Qxe2 {[%clk
0:02:33]} fxe2 {[%clk 0:01:11]} 36. Re1 {[%clk 0:02:38]} Rd7 {[%clk 0:01:36]} 37.
Bf4 {[%clk 0:02:59]} 1-0

[Event "CECLUB Segunda División"]
[Site "Linares"]
[Date "2017.08.12"]
[Round "7"]
[White "Garcia Moreno, Carlos"]
[Black "Rubio Tapia, Jose Juan"]
[Result "0-1"]
[Board "1"]
[WhiteTitle "FM"]
[WhiteElo "2311"]
[WhiteCountry "ESP"]
[WhiteFideId "2274159"]
[WhiteEloChange "-16"]
[BlackElo "2074"]
[BlackCountry "ESP"]
[BlackFideId "2203367"]
[BlackEloChange "16"]

1. e4 {[%clk 1:30:56]} e5 {[%clk 1:28:16]} 2. Nf3 {[%clk 1:31:04]} Nf6 {[%clk
1:28:28]} 3. Nxe5 {[%clk 1:30:35]} d6 {[%clk 1:28:47]} 4. Nf3 {[%clk 1:30:56]}
Nxe4 {[%clk 1:29:04]} 5. Nc3 {[%clk 1:30:55]} Nxc3 {[%clk 1:29:00]} 6. dxc3
{[%clk 1:31:13]} Be7 {[%clk 1:29:02]} 7. Be3 {[%clk 1:27:52]} O-O {[%clk
1:28:46]} 8. Qd2 {[%clk 1:25:31]} Re8 {[%clk 1:27:22]} 9. O-O-O {[%clk 1:25:21]}
Nc6 {[%clk 1:23:26]} 10. h3 {[%clk 1:16:38]} Bf6 {[%clk 1:15:32]} 11. g4 {[%clk
1:10:51]} g6 {[%clk 1:13:35]} 12. Kb1 {[%clk 1:10:20]} Be6 {[%clk 1:01:27]} 13.
Ng5 {[%clk 1:05:30]} Qe7 {[%clk 0:59:43]} 14. Bg2 {[%clk 0:57:45]} Ne5 {[%clk
0:47:06]} 15. b3 {[%clk 0:56:06]} a5 {[%clk 0:42:04]} 16. Rde1 {[%clk 0:38:24]}
a4 {[%clk 0:40:41]} 17. f4 {[%clk 0:36:46]} Bxg5 {[%clk 0:40:37]} 18. fxg5 {[%clk
0:31:34]} axb3 {[%clk 0:38:02]} 19. cxb3 {[%clk 0:31:46]} Ra3 {[%clk 0:32:10]}
20. Bd5 {[%clk 0:18:12]} Rea8 {[%clk 0:30:27]} 21. Bxe6 {[%clk 0:17:32]} Qxe6
{[%clk 0:29:22]} 22. Re2 {[%clk 0:17:07]} Qxb3+ {[%clk 0:26:59]} 23. Qb2 {[%clk
0:17:35]} Qxb2+ {[%clk 0:20:12]} 24. Rxb2 {[%clk 0:17:59]} Nc4 {[%clk 0:20:23]}
25. Re2 {[%clk 0:18:23]} Nxe3 {[%clk 0:20:33]} 26. Rxe3 {[%clk 0:18:51]} Rxa2
{[%clk 0:20:53]} 27. Rhe1 {[%clk 0:18:44]} Ra1+ {[%clk 0:20:25]} 28. Kb2 {[%clk
0:18:23]} Rxe1 {[%clk 0:20:52]} 29. Rxe1 {[%clk 0:18:49]} Kf8 {[%clk 0:20:45]}
30. Re4 {[%clk 0:19:06]} Ra5 {[%clk 0:19:46]} 31. h4 {[%clk 0:19:24]} Re5 {[%clk
0:18:21]} 32. Ra4 {[%clk 0:19:24]} b6 {[%clk 0:17:03]} 33. Ra7 {[%clk 0:19:19]}
Rc5 {[%clk 0:16:37]} 34. Kb3 {[%clk 0:18:51]} Kg7 {[%clk 0:15:42]} 35. Ra8 {[%clk
0:19:01]} h6 {[%clk 0:15:14]} 36. gxh6+ {[%clk 0:19:14]} Kxh6 {[%clk 0:15:43]}
37. g5+ {[%clk 0:19:23]} Kh5 {[%clk 0:15:50]} 38. Rh8+ {[%clk 0:19:46]} Kg4
{[%clk 0:16:07]} 39. Rh7 {[%clk 0:20:06]} Rf5 {[%clk 0:16:19]} 40. Kc4 {[%clk
0:19:51]} c6 {[%clk 0:14:19]} 41. Kb3 {[%clk 0:19:47]} Rf4 {[%clk 0:14:16]} 42.
Rh8 {[%clk 0:19:48]} b5 {[%clk 0:14:09]} 43. Rd8 {[%clk 0:18:30]} d5 {[%clk
0:14:00]} 44. Rd6 {[%clk 0:18:27]} Rc4 {[%clk 0:14:06]} 0-1

[Event "CECLUB Segunda División"]
[Site "Linares"]
[Date "2017.08.12"]
[Round "7"]
[White "Redondo Benavente, Ana"]
[Black "Moreno Valero, Ivan"]
[Result "1/2-1/2"]
[Board "2"]
[WhiteTitle "WFM"]
[WhiteElo "2022"]
[WhiteCountry "ESP"]
[WhiteFideId "32021674"]
[WhiteEloChange "5"]
[BlackElo "2204"]
[BlackCountry "ESP"]
[BlackFideId "22286349"]
[BlackEloChange "-5"]

1. e4 {[%clk 1:28:58]} c5 {[%clk 1:30:53]} 2. c3 {[%clk 1:28:38]} d6 {[%clk
1:31:08]} 3. d4 {[%clk 1:29:01]} Nf6 {[%clk 1:31:21]} 4. Bd3 {[%clk 1:29:21]} g6
{[%clk 1:31:19]} 5. Nf3 {[%clk 1:29:05]} Bg7 {[%clk 1:30:57]} 6. O-O {[%clk
1:28:56]} O-O {[%clk 1:30:52]} 7. h3 {[%clk 1:29:11]} Nc6 {[%clk 1:30:56]} 8. Re1
{[%clk 1:27:11]} cxd4 {[%clk 1:30:40]} 9. cxd4 {[%clk 1:26:25]} e5 {[%clk
1:30:51]} 10. Be3 {[%clk 1:15:12]} Nh5 {[%clk 1:22:04]} 11. dxe5 {[%clk 1:07:03]}
dxe5 {[%clk 1:19:14]} 12. Nc3 {[%clk 1:06:46]} Nf4 {[%clk 1:15:25]} 13. Bxf4
{[%clk 1:04:31]} exf4 {[%clk 1:15:47]} 14. Bc4 {[%clk 0:59:33]} Qa5 {[%clk
1:08:21]} 15. Qb3 {[%clk 0:56:06]} Qh5 {[%clk 1:07:41]} 16. Be2 {[%clk 0:55:08]}
Qa5 {[%clk 0:56:54]} 17. Nd5 {[%clk 0:53:49]} Be6 {[%clk 0:55:13]} 18. Qxb7
{[%clk 0:49:22]} Bxd5 {[%clk 0:54:51]} 19. exd5 {[%clk 0:49:03]} Nb4 {[%clk
0:55:06]} 20. Rad1 {[%clk 0:47:13]} Rab8 {[%clk 0:51:43]} 21. Qe7 {[%clk
0:42:42]} Rfe8 {[%clk 0:49:37]} 22. Qd6 {[%clk 0:41:54]} Rbd8 {[%clk 0:46:47]}
23. Qxf4 {[%clk 0:40:49]} Nc2 {[%clk 0:37:51]} 24. Qd2 {[%clk 0:39:35]} Qxd2
{[%clk 0:37:50]} 25. Rxd2 {[%clk 0:39:30]} Nxe1 {[%clk 0:38:14]} 26. Nxe1 {[%clk
0:39:06]} Re5 {[%clk 0:36:34]} 27. Nf3 {[%clk 0:38:11]} Rexd5 {[%clk 0:35:26]}
28. Rc2 {[%clk 0:35:13]} Rb8 {[%clk 0:31:21]} 29. b3 {[%clk 0:34:55]} Rd7 {[%clk
0:30:58]} 30. g3 {[%clk 0:34:18]} Bf6 {[%clk 0:30:09]} 31. Kg2 {[%clk 0:34:44]}
Kg7 {[%clk 0:30:27]} 32. Rc6 {[%clk 0:33:11]} Rb6 {[%clk 0:30:02]} 33. Rc5 {[%clk
0:32:41]} Rbb7 {[%clk 0:29:34]} 34. Bc4 {[%clk 0:32:26]} Bd4 {[%clk 0:29:18]} 35.
Nxd4 {[%clk 0:30:54]} Rxd4 {[%clk 0:29:40]} 36. a4 {[%clk 0:31:22]} Rd2 {[%clk
0:29:31]} 37. Kf3 {[%clk 0:31:21]} Rbd7 {[%clk 0:28:31]} 38. Bb5 {[%clk 0:30:49]}
R7d6 {[%clk 0:26:46]} 39. Ke3 {[%clk 0:28:48]} Rb2 {[%clk 0:25:39]} 40. Bc4
{[%clk 0:28:51]} Rd7 {[%clk 0:25:33]} 41. h4 {[%clk 0:26:42]} h6 {[%clk 0:24:45]}
42. a5 {[%clk 0:26:51]} Re7+ {[%clk 0:23:47]} 43. Kf3 {[%clk 0:26:09]} Kf6 {[%clk
0:21:40]} 44. a6 {[%clk 0:25:20]} Rd2 {[%clk 0:20:06]} 45. Rc6+ {[%clk 0:24:56]}
Ke5 {[%clk 0:17:54]} 46. Ke3 {[%clk 0:22:32]} Rd6 {[%clk 0:17:53]} 47. Rc5+
{[%clk 0:22:08]} Kf6+ {[%clk 0:18:17]} 48. Kf3 {[%clk 0:22:27]} Rdd7 {[%clk
0:16:57]} 49. g4 {[%clk 0:19:13]} Rd4 {[%clk 0:15:57]} 50. Rb5 {[%clk 0:18:22]}
Rc7 {[%clk 0:14:46]} 51. Rb7 {[%clk 0:16:26]} Rxb7 {[%clk 0:13:25]} 52. axb7
{[%clk 0:16:55]} Rd8 {[%clk 0:13:47]} 53. Ke4 {[%clk 0:16:32]} Ke7 {[%clk
0:13:19]} 54. g5 {[%clk 0:16:52]} hxg5 {[%clk 0:13:20]} 55. hxg5 {[%clk 0:17:20]}
f6 {[%clk 0:12:17]} 56. f4 {[%clk 0:16:51]} Rb8 {[%clk 0:10:06]} 57. Bd5 {[%clk
0:16:07]} fxg5 {[%clk 0:10:16]} 58. fxg5 {[%clk 0:16:36]} Kd6 {[%clk 0:10:32]}
59. Kd4 {[%clk 0:14:51]} Kc7 {[%clk 0:08:36]} 60. Be4 {[%clk 0:14:23]} Rg8 {[%clk
0:08:46]} 61. Kc5 {[%clk 0:14:29]} Rg7 {[%clk 0:07:55]} 62. b4 {[%clk 0:14:49]}
Rg8 {[%clk 0:06:47]} 63. Kc4 {[%clk 0:09:27]} Rg7 {[%clk 0:05:55]} 64. Kc5 {[%clk
0:09:53]} Re7 {[%clk 0:06:10]} 65. Bxg6 {[%clk 0:09:51]} Re5+ {[%clk 0:03:46]}
66. Kd4 {[%clk 0:10:16]} Rb5 {[%clk 0:04:03]} 67. Kc4 {[%clk 0:09:45]} Rxg5
{[%clk 0:03:48]} 68. Be4 {[%clk 0:10:11]} Rh5 {[%clk 0:03:56]} 69. Bd5 {[%clk
0:10:17]} Rh6 {[%clk 0:04:16]} 70. Kc5 {[%clk 0:10:43]} Rb6 {[%clk 0:04:32]} 71.
Be4 {[%clk 0:11:04]} Ra6 {[%clk 0:04:31]} 72. Bd5 {[%clk 0:11:21]} Ra1 {[%clk
0:04:53]} 73. Be4 {[%clk 0:11:44]} Ra2 {[%clk 0:04:31]} 74. Bd5 {[%clk 0:12:07]}
Ra4 {[%clk 0:04:57]} 75. Kb5 {[%clk 0:12:19]} Ra1 {[%clk 0:05:11]} 76. Kc5 {[%clk
0:12:48]} a6 {[%clk 0:05:17]} 77. Be4 {[%clk 0:13:00]} Re1 {[%clk 0:05:11]} 78.
Bd5 {[%clk 0:13:21]} Rc1+ {[%clk 0:04:46]} 79. Kd4 {[%clk 0:13:13]} 1/2-1/2

[Event "CECLUB Segunda División"]
[Site "Linares"]
[Date "2017.08.12"]
[Round "7"]
[White "Lopez Quevedo, Angel Carlos"]
[Black "Uroz Torres, David"]
[Result "1-0"]
[Board "3"]
[WhiteElo "2136"]
[WhiteCountry "ESP"]
[WhiteFideId "2270005"]
[WhiteEloChange "6"]
[BlackElo "1991"]
[BlackCountry "ESP"]
[BlackFideId "2227940"]
[BlackEloChange "-6"]

1. d4 {[%clk 1:30:30]} Nf6 {[%clk 1:30:30]} 2. Nf3 {[%clk 1:30:30]} d5 {[%clk
1:30:30]} 3. c4 {[%clk 1:30:30]} c6 {[%clk 1:30:30]} 4. e3 {[%clk 1:30:30]} e6
{[%clk 1:30:30]} 5. Nbd2 {[%clk 1:30:30]} Nbd7 {[%clk 1:30:30]} 6. Bd3 {[%clk
1:30:30]} Bd6 {[%clk 1:30:30]} 7. O-O {[%clk 1:30:30]} O-O {[%clk 1:30:30]} 8. e4
{[%clk 1:30:30]} dxe4 {[%clk 1:30:30]} 9. Nxe4 {[%clk 1:30:30]} Nxe4 {[%clk
1:30:30]} 10. Bxe4 {[%clk 1:30:30]} Nf6 {[%clk 1:30:30]} 11. Bc2 {[%clk 1:30:30]}
h6 {[%clk 1:30:30]} 12. b3 {[%clk 1:30:30]} c5 {[%clk 1:30:30]} 13. Bb2 {[%clk
1:30:30]} cxd4 {[%clk 1:30:30]} 14. Qxd4 {[%clk 1:30:30]} Qe7 {[%clk 1:30:30]}
15. Rad1 {[%clk 1:30:30]} Ba3 {[%clk 1:30:30]} 16. Ba1 {[%clk 1:30:30]} b6 {[%clk
1:30:30]} 17. Qd3 {[%clk 1:30:30]} Re8 {[%clk 1:30:30]} 18. Bxf6 {[%clk 1:30:30]}
Qxf6 {[%clk 1:30:30]} 19. Qh7+ {[%clk 1:30:30]} Kf8 {[%clk 1:30:30]} 20. Rfe1
{[%clk 1:30:30]} Bb2 {[%clk 1:30:30]} 21. Be4 {[%clk 1:30:30]} Rb8 {[%clk
1:30:30]} 22. Bc6 {[%clk 1:30:30]} Ba6 {[%clk 1:30:30]} 23. Qh8+ {[%clk 1:30:30]}
1-0

[Event "CECLUB Segunda División"]
[Site "Linares"]
[Date "2017.08.12"]
[Round "7"]
[White "Capel Fernandez, Manuel"]
[Black "Dominguez Gutierrez, Juan Carlos"]
[Result "0-1"]
[Board "4"]
[WhiteElo "1969"]
[WhiteCountry "ESP"]
[WhiteFideId "2272210"]
[WhiteEloChange "-8"]
[BlackElo "2050"]
[BlackCountry "ESP"]
[BlackFideId "2220849"]
[BlackEloChange "8"]

1. e4 {[%clk 1:30:30]} e5 {[%clk 1:30:30]} 2. Nf3 {[%clk 1:30:30]} Nc6 {[%clk
1:30:30]} 3. Bb5 {[%clk 1:30:30]} a6 {[%clk 1:30:30]} 4. Ba4 {[%clk 1:30:30]} Nf6
{[%clk 1:30:30]} 5. O-O {[%clk 1:30:30]} Be7 {[%clk 1:30:30]} 6. Re1 {[%clk
1:30:30]} b5 {[%clk 1:30:30]} 7. Bb3 {[%clk 1:30:30]} d6 {[%clk 1:30:30]} 8. c3
{[%clk 1:30:30]} O-O {[%clk 1:30:30]} 9. h3 {[%clk 1:30:30]} Bb7 {[%clk 1:30:30]}
10. d4 {[%clk 1:30:30]} h6 {[%clk 1:30:30]} 11. Nbd2 {[%clk 1:30:30]} Re8 {[%clk
1:30:30]} 12. Nf1 {[%clk 1:30:30]} Bf8 {[%clk 1:30:30]} 13. Ng3 {[%clk 1:30:30]}
Na5 {[%clk 1:30:30]} 14. Bc2 {[%clk 1:30:30]} g6 {[%clk 1:30:30]} 15. b3 {[%clk
1:30:30]} c5 {[%clk 1:30:30]} 16. d5 {[%clk 1:30:30]} Bc8 {[%clk 1:30:30]} 17.
Nh2 {[%clk 1:30:30]} Bg7 {[%clk 1:30:30]} 18. Be3 {[%clk 1:30:30]} Kh7 {[%clk
1:30:30]} 19. Qd2 {[%clk 1:30:30]} Bd7 {[%clk 1:30:30]} 20. f4 {[%clk 1:30:30]}
Rc8 {[%clk 1:30:30]} 21. Nf3 {[%clk 1:30:30]} Nb7 {[%clk 1:30:30]} 22. Rad1
{[%clk 1:30:30]} Qc7 {[%clk 1:30:30]} 23. Bb1 {[%clk 1:30:30]} a5 {[%clk
1:30:30]} 24. a3 {[%clk 1:30:30]} c4 {[%clk 1:30:30]} 25. b4 {[%clk 1:30:30]} Ra8
{[%clk 1:30:30]} 26. Rf1 {[%clk 1:30:30]} Ra6 {[%clk 1:30:30]} 27. Nh4 {[%clk
1:30:30]} axb4 {[%clk 1:30:30]} 28. axb4 {[%clk 1:30:30]} Qd8 {[%clk 1:30:30]}
29. f5 {[%clk 1:30:30]} g5 {[%clk 1:27:10]} 30. Nf3 {[%clk 1:30:37]} g4 {[%clk
1:26:46]} 31. Nh2 {[%clk 1:30:13]} gxh3 {[%clk 1:27:05]} 32. gxh3 {[%clk
1:27:37]} Rg8 {[%clk 1:27:12]} 33. Qe2 {[%clk 1:26:49]} Ra3 {[%clk 1:25:43]} 34.
Rc1 {[%clk 1:26:57]} Bf8 {[%clk 1:24:11]} 35. Kf2 {[%clk 1:27:16]} Ra1 {[%clk
1:20:34]} 36. Nh5 {[%clk 1:25:09]} Nxe4+ {[%clk 1:15:16]} 37. Kf3 {[%clk
1:24:07]} Qh4 {[%clk 1:14:27]} 0-1